000 00650caa a22001572a 4500
001 005408
003 AR-FADEU
008 311216n########xxu####################dd
092 _a320.01
_bF981
100 _aDuverger, Maurice
245 _aLa naturaleza oligárquica de los dirigentes
300 _aPP. 96-100
500 _aEn: Cuadernos de Ciencia Política /ed. Fundación de Cultura Universitaria. Montevideo : Fundación de Cultura Universitaria, 1989
942 _cBDGR
773 0 _011219
_99967
_aFundación de Cultura Universitaria. Instituto de Ciencia política
_b
_dMontevideo
_o12809
_tCuadernos de Ciencia Política
_w( AR-FADEU) 005397
_x
_z
999 _c11230
_d11230